The Ajax of Sophocles / (Record no. 171403)

MARC details
000 -LEADER
campo de control de longitud fija 00460nam a22001575i 4500
001 - NÚMERO DE CONTROL
campo de control 171403
003 - IDENTIFICADOR DE NÚMERO DE CONTROL
campo de control ES-MaACL
005 - FECHA Y HORA DE LA ÚLTIMA TRANSACCIÓN
campo de control 20230906214626.0
008 - DATOS DE LONGITUD FIJA--INFORMACIÓN GENERAL
campo de control de longitud fija 090513s1919 xxk |||| | eng d
100 1# - ENTRADA PRINCIPAL--NOMBRE DE PERSONA
Nombre de persona Sófocles.
9 (RLIN) 107023
245 14 - MENCIÓN DEL TÍTULO
Título The Ajax of Sophocles /
Mención de responsabilidad, etc. translated by R. C. Trevelyan.
260 ## - PUBLICACIÓN, DISTRIBUCIÓN, ETC.
Lugar de publicación, distribución, etc. London :
Nombre del editor, distribuidor, etc. G. Allen & Unwin,
Fecha de publicación, distribución, etc. 1919.
300 ## - DESCRIPCIÓN FÍSICA
Extensión 58 p. ;
Dimensiones 19 CM.
700 1# - ENTRADA AGREGADA--NOMBRE PERSONAL
Nombre de persona Trevelyan, Robert Calverley.
9 (RLIN) 140120
852 ## - LOCALIZACIÓN
Ubicación ES-MaACL
Número de control de estantería F-10291
Holdings
Estatus retirado Estado de pérdida Estado de daño No para préstamo Biblioteca de origen Biblioteca actual Ubicación en estantería Fecha de adquisición Fuente de adquisición Total de préstamos Signatura topográfica completa Código de barras Visto por última vez Precio de reemplazo Tipo de ítem Koha
        Biblioteca del Ateneo de Madrid Biblioteca del Ateneo de Madrid Sala Pecera Planta 2 13/05/2009     F-10291 1179880 23/02/2023 23/02/2023 Libro impreso